Matching Quiz: U.S.-Mexico Border Cities - Statistics

General Stats
  • This quiz has been taken 47 times
  • The average score is 8 of 12
Answer Stats
Hint Answer % Correct
Mexicali Calexico
96%
Tijuana San Diego
96%
Heroica Nogales Nogales
81%
Ciudad Juárez El Paso
78%
Nuevo Laredo Laredo
78%
Matamoros Brownsville
70%
Reynosa McAllen
59%
San Luis Río Colorado Yuma
59%
Piedras Negras Eagle Pass
56%
Cuidad Acuña Del Rio
52%
Ojinaga Presidio
52%
Agua Prieta Douglas
48%
No matching quizzes found
Score Distribution
Percent of People with Each Score
Percentile by Number Answered
Your Score History
You have not taken this quiz